Kanji verbs multiple choice Quiz 03 Stats

 Plays Quiz not verified by Sporcle

Score 0/20 Timer 03:00
0 Plays Today
Question Answer Wrong Answers
わらう laugh 笑う
73.3%
払う
6.7%
買う
6.7%
覆う
6.7%
かく write 書く
73.3%
聞く
0%
歩く
13.3%
動く
0%
はしる run 走る
73.3%
落ちる
0%
見る
0%
歩く
13.3%
はいる go in 入る
66.7%
居る
13.3%
売る
6.7%
寝る
6.7%
おとす drop 落とす
66.7%
離す
6.7%
話す
6.7%
殺す
6.7%
でる go out 出る
66.7%
売る
6.7%
得る
6.7%
出す
13.3%
くる come 来る
66.7%
着る
0%
切る
6.7%
取る
6.7%
ふとる get fat 太る
60%
祈る
13.3%
登る
6.7%
来る
13.3%
だす take out 出す
60%
話す
0%
戻す
6.7%
指す
6.7%
きる wear 着る
60%
来る
13.3%
売る
0%
入る
6.7%
あう meet 会う
60%
買う
6.7%
洗う
20%
払う
0%
にげる escape 逃げる
60%
投げる
6.7%
食べる
6.7%
上げる
13.3%
しぬ die 死ぬ
60%
会う
0%
刺す
13.3%
話す
0%
とまる stay/lodge 泊まる
53.3%
眠る
13.3%
図る
0%
作る
20%
うる sell 売る
53.3%
居る
6.7%
得る
6.7%
要る
13.3%
あらう wash 洗う
53.3%
会う
13.3%
違う
0%
笑う
13.3%
たもつ keep 保つ
40%
打つ
20%
持つ
13.3%
待つ
13.3%
つづく continue 続く
33.3%
働く
20%
開く
20%
行く
13.3%
きめる decide 決める
33.3%
食べる
13.3%
止める
20%
定める
20%
はかる plan 図る
33.3%
費やす
13.3%
扱う
6.7%
観る
40%

You're not logged in!

Compare scores with friends on all Sporcle quizzes.
OR
Log In

Sporcle TV

Today on Sporcle TV


Watch our educational content, quiz creation guides, and fun videos on Sporcle TV.

Show Comments

Extras

Top Quizzes Today


Score Distribution

Your Account Isn't Verified!

In order to create a playlist on Sporcle, you need to verify the email address you used during registration. Go to your Sporcle Settings to finish the process.

Report this User

Report this user for behavior that violates our Community Guidelines.

Details: